Tribhuvan University Central Library

Investors rationality in choosing a financial instrument (Record no. 60982)

MARC details
000 -LEADER
fixed length control field 00489 a2200181 4500
041 ## - LANGUAGE CODE
Language code of text/sound track or separate title Eng.
082 ## - DEWEY DECIMAL CLASSIFICATION NUMBER
Classification number CD5311
100 ## - MAIN ENTRY--PERSONAL NAME
Personal name Himali, Ganesh Bahadur
245 ## - TITLE STATEMENT
Title Investors rationality in choosing a financial instrument
260 ## - PUBLICATION, DISTRIBUTION, ETC. (IMPRINT)
Place of publication, distribution, etc Kathmandu
Date of publication, distribution, etc 2009
502 ## - DISSERTATION NOTE
Dissertation note Dissertation
Degree type Degree in Management
Name of granting institution Shanker Dev Campus
Year degree granted 2009
650 ## - SUBJECT ADDED ENTRY--TOPICAL TERM
Topical term or geographic name as entry element Investment policy
650 ## - SUBJECT ADDED ENTRY--TOPICAL TERM
Topical term or geographic name as entry element Investors
650 ## - SUBJECT ADDED ENTRY--TOPICAL TERM
Topical term or geographic name as entry element Risk & return
650 ## - SUBJECT ADDED ENTRY--TOPICAL TERM
Topical term or geographic name as entry element Stock price
653 ## - INDEX TERM--UNCONTROLLED
Uncontrolled term Management
942 ## - ADDED ENTRY ELEMENTS (KOHA)
Source of classification or shelving scheme Dewey Decimal Classification
Koha item type Audio Visual Materials
Holdings
Withdrawn status Lost status Source of classification or shelving scheme Damaged status Not for loan Home library Current library Date acquired Total Checkouts Full call number Barcode Date last seen Price effective from Koha item type
    Dewey Decimal Classification     Tribhuvan University Central Library Tribhuvan University Central Library 07/08/2011   CD5311 A4959 07/08/2011 07/08/2011 Audio Visual Materials